| 000 | 01531cam a2200373 a 4500 | ||
|---|---|---|---|
| 999 |
_c6892 _d6892 |
||
| 001 | 15708633 | ||
| 003 | OSt | ||
| 005 | 20210429113308.0 | ||
| 008 | 090422s2010 iaua 001 0 eng | ||
| 010 | _a 2009013753 | ||
| 020 | _a9780073377933 (hard copy : alk. paper) | ||
| 020 | _a0073377937 (hard copy : alk. paper) | ||
| 020 | _a9780077280079 | ||
| 020 | _a0077280075 | ||
| 020 | _a9780070167766 (ISE) | ||
| 020 | _a0070167761 (ISE) | ||
| 035 | _a(OCoLC)ocn319602618 | ||
| 040 |
_aDLC _cDDC _dBTCTA _dSINPL _dYDXCP _dDLC |
||
| 050 | 0 | 0 |
_aQH308.2 _b.J6199 2010 |
| 082 | 0 | 0 | _a570JOH2008 |
| 100 | 1 |
_aJohnson, George B. _q(George Brooks), _d1942- _98725 |
|
| 245 | 1 | 0 |
_aEssentials of the living world / _cGeorge B. Johnson. |
| 250 | _a3rd ed. | ||
| 260 |
_aDubuque, IA : _bMcGraw-Hill, _c2008 |
||
| 300 |
_axviii, 686 p. : _bcol. ill. ; _c28 cm. |
||
| 500 | _aIncludes index. | ||
| 650 | 0 |
_aBiology _vTextbooks. _98431 |
|
| 856 | 4 | 2 |
_3Contributor biographical information _uhttp://www.loc.gov/catdir/enhancements/fy1011/2009013753-b.html |
| 856 | 4 | 2 |
_3Publisher description _uhttp://www.loc.gov/catdir/enhancements/fy1011/2009013753-d.html |
| 856 | 4 | 1 |
_3Table of contents only _uhttp://www.loc.gov/catdir/enhancements/fy1011/2009013753-t.html |
| 906 |
_a7 _bcbc _corignew _d1 _eecip _f20 _gy-gencatlg |
||
| 942 |
_2ddc _cO_SHELF |
||